| 000 | 01188cam a2200301 a 4500 | ||
|---|---|---|---|
| 001 | 12230168 | ||
| 003 | NUST - PNEC | ||
| 005 | 20170116181017.0 | ||
| 008 | 001114s2001 nyua 001 0 eng | ||
| 010 | _a 00066860 | ||
| 020 | _a0071350268 | ||
| 040 | _cLIBRARY | ||
| 050 | 0 | 0 | _aTK7882.C56 |
| 082 | 0 | 0 | _a621.388332 TAY |
| 100 | 1 |
_aTaylor, Jim _q(Jim H.), _d1960- |
|
| 245 | 1 | 0 |
_aDVD demystified / _cJim Taylor. |
| 250 | _a2nd ed. | ||
| 260 |
_aNew York : _bMcGraw-Hill, _cc2001. |
||
| 300 |
_axxii, 691 p. : _bill. ; _c24 cm.+ |
||
| 500 | _aIncludes index. | ||
| 650 | 0 |
_aDVDs. _xEL, _xDigital video |
|
| 856 | 4 | 2 |
_3Contributor biographical information _uhttp://www.loc.gov/catdir/bios/mh041/00066860.html |
| 856 | 4 | 2 |
_3Publisher description _uhttp://www.loc.gov/catdir/description/mh021/00066860.html |
| 856 | 4 | 1 |
_3Table of contents _uhttp://www.loc.gov/catdir/toc/mh021/00066860.html |
| 906 |
_a7 _bcbc _corignew _d1 _eocip _f20 _gy-gencatlg |
||
| 942 |
_2ddc _cBK |
||
| 999 |
_c67292 _d67292 |
||